Religion and politics in the international system today / (Record no. 6698)
[ view plain ]
| 000 -LEADER | |
|---|---|
| fixed length control field | 02228nac a22003131u 4500 |
| 010 ## - LIBRARY OF CONGRESS CONTROL NUMBER | |
| LC control number | 2005008714 |
| 020 ## - INTERNATIONAL STANDARD BOOK NUMBER | |
| International Standard Book Number | 0521852455 (hardback) |
| 020 ## - INTERNATIONAL STANDARD BOOK NUMBER | |
| International Standard Book Number | 0521617812 (pbk.) |
| 020 ## - INTERNATIONAL STANDARD BOOK NUMBER | |
| International Standard Book Number | 9780521852456 |
| 020 ## - INTERNATIONAL STANDARD BOOK NUMBER | |
| International Standard Book Number | 9780521617819 |
| 035 ## - SYSTEM CONTROL NUMBER | |
| System control number | (OCoLC)ocm58789444 |
| 082 00 - DEWEY DECIMAL CLASSIFICATION NUMBER | |
| Classification number | 322.1 |
| Item number | HAN |
| 090 ## - LOCALLY ASSIGNED LC-TYPE CALL NUMBER (OCLC); LOCAL CALL NUMBER (OCLC) | |
| -- | 6698 |
| -- | 6698 |
| 100 ## - MAIN ENTRY--PERSONAL NAME | |
| Personal name | Hanson, Eric O. |
| 245 10 - TITLE STATEMENT | |
| Title | Religion and politics in the international system today / |
| Statement of responsibility, etc | Eric O. Hanson. |
| 260 ## - PUBLICATION, DISTRIBUTION, ETC. (IMPRINT) | |
| Place of publication, distribution, etc | Cambridge [UK] ; |
| -- | New York : |
| Name of publisher, distributor, etc | Cambridge University Press,2006 |
| Date of publication, distribution, etc | 2006. |
| 300 ## - PHYSICAL DESCRIPTION | |
| Extent | ix, 345 p. : |
| Other physical details | ill. ; |
| Dimensions | 24 cm. |
| 500 ## - GENERAL NOTE | |
| General note | distributer: Al-Ahram |
| 504 ## - BIBLIOGRAPHY, ETC. NOTE | |
| Bibliography, etc | Includes bibliographical references and index. |
| 505 0# - FORMATTED CONTENTS NOTE | |
| Formatted contents note | Introduction: the view from Silicon Valley -- Religion and politics in the new global paradigm -- A new paradigm for world politics? -- A political perspective on religion and politics -- A religious perspective on religion and politics -- The religions of the book, meditative experience, and public life -- Religion in contemporary world politics -- The west : Christianity, secularization, and immigration -- East Asia : modernization and ideology -- South and central Asia : the legacies of Gandhi and Khomeini and the bomb -- The Middle East and North Africa : Jewish and Islamic politics -- Latin America : indigenous religions, Christianity, and globalization -- Religion and politics for the next millennium -- Appendix I: Thirty years of Nobel Peace prize winners, 1975-2004 -- Appendix II: Paradigm chart and category questions. |
| 511 ## - PARTICIPANT OR PERFORMER NOTE | |
| Participant or performer note | catalogued by: wessam |
| 650 #0 - SUBJECT ADDED ENTRY--TOPICAL TERM | |
| Topical term or geographic name as entry element | Religion and politics. |
| 856 41 - ELECTRONIC LOCATION AND ACCESS | |
| Materials specified | Table of contents only |
| Uniform Resource Identifier | <a href="http://www.loc.gov/catdir/toc/ecip0510/2005008714.html">http://www.loc.gov/catdir/toc/ecip0510/2005008714.html</a> |
| 856 41 - ELECTRONIC LOCATION AND ACCESS | |
| Materials specified | Publisher description |
| Uniform Resource Identifier | <a href="http://www.loc.gov/catdir/enhancements/fy0642/2005008714-d.html">http://www.loc.gov/catdir/enhancements/fy0642/2005008714-d.html</a> |
| 856 41 - ELECTRONIC LOCATION AND ACCESS | |
| Materials specified | Contributor biographical information |
| Uniform Resource Identifier | <a href="http://www.loc.gov/catdir/enhancements/fy0732/2005008714-b.html">http://www.loc.gov/catdir/enhancements/fy0732/2005008714-b.html</a> |
| 942 ## - ADDED ENTRY ELEMENTS (KOHA) | |
| Item type | Book - Borrowing |
| Call number prefix | 322.1HAN |
| Withdrawn status | Item status | Damaged status | Not for loan | Home library | Current library | Shelving location | Date acquired | Source of acquisition | Total Checkouts | Total Renewals | Full call number | Barcode | Date last seen | Date last borrowed | Koha item type |
|---|---|---|---|---|---|---|---|---|---|---|---|---|---|---|---|
| Central Library | Central Library | First floor | 29/11/2007 | Purchase | 9 | 77 | 322.1HAN | 000008357 | 15/07/2025 | 08/10/2019 | Book - Borrowing | ||||
| Central Library | Central Library | First floor | 29/11/2007 | Purchase | 10 | 29 | 322.1HAN | 000009189 | 15/07/2025 | 04/11/2019 | Book - Borrowing |